Changes in UK gaming legislation and the opportunities presented for property developers and investors (Record no. 117386)

MARC details
000 -LEADER
fixed length control field 01904cam a2200289 4500
001 - CONTROL NUMBER
control field ABS67852
008 - FIXED-LENGTH DATA ELEMENTS--GENERAL INFORMATION
fixed length control field 040524n2004 000 0 eng u
035 ## - SYSTEM CONTROL NUMBER
System control number (Sirsi) u126263
100 ## - MAIN ENTRY--PERSONAL NAME
Personal name Harris, J.
245 ## - TITLE STATEMENT
Title Changes in UK gaming legislation and the opportunities presented for property developers and investors
260 ## - PUBLICATION, DISTRIBUTION, ETC.
Date of publication, distribution, etc. 2004
490 ## - SERIES STATEMENT
Series statement Journal of Retail and Leisure Property
Volume/sequential designation 3(4) 2004, 314-325(12)
520 ## - SUMMARY, ETC.
Summary, etc. Examines the reasons why the casino sector has been left so far behind in the retail and leisure explosion of the last 30 years. Looks at why that is beginning to change and the prospects for future growth, investment and development. Assesses the legacy of the Gaming Act 1968 and outlines the overwhelming case for reform resulting in a government policy statement of March 2002 and the publication of a draft Gambling Bill by the DCMS in July 2003. Describes the proposed reforms and their likely effect on the gambling landscape. Concludes that the gambling reforms will become law in 2004 or early 2005, paving the way to re-establishing the UK as a leading gambling jurisdiction with the attendant tax revenue increase, thegeneration of 70 000 more jobs and estimates of up to £9bn investment in the UK. Further information about the Bill is available at www.culture.gov.uk/. [Taken from journal abstract].
590 ## - LOCAL NOTE (RLIN)
Local note ABS
590 ## - LOCAL NOTE (RLIN)
Local note ABS
650 ## - SUBJECT ADDED ENTRY--TOPICAL TERM
Topical term or geographic name entry element LICENSING
650 ## - SUBJECT ADDED ENTRY--TOPICAL TERM
Topical term or geographic name entry element GAMING
650 ## - SUBJECT ADDED ENTRY--TOPICAL TERM
Topical term or geographic name entry element GAMING ACT 1968
650 ## - SUBJECT ADDED ENTRY--TOPICAL TERM
Topical term or geographic name entry element PROPERTY INVESTMENT
650 ## - SUBJECT ADDED ENTRY--TOPICAL TERM
Topical term or geographic name entry element PROPERTY DEVELOPMENT
650 ## - SUBJECT ADDED ENTRY--TOPICAL TERM
Topical term or geographic name entry element CASINOS
650 ## - SUBJECT ADDED ENTRY--TOPICAL TERM
Topical term or geographic name entry element GAMBLING BILL
690 ## - LOCAL SUBJECT ADDED ENTRY--TOPICAL TERM (OCLC, RLIN)
Topical term or geographic name as entry element LEISURE AND RECREATION
856 ## - ELECTRONIC LOCATION AND ACCESS
Uniform Resource Identifier <a href="https://www.culture.gov.uk/gambling_and_racing/gambling_bill.htm">https://www.culture.gov.uk/gambling_and_racing/gambling_bill.htm</a>
Public note View details of the Bill on the DCMS website...
856 ## - ELECTRONIC LOCATION AND ACCESS
Uniform Resource Identifier <a href="https://www.culture.gov.uk/gambling_and_racing/gambling_bill.htm">https://www.culture.gov.uk/gambling_and_racing/gambling_bill.htm</a>
Public note View details of the Bill on the DCMS website...
942 ## - ADDED ENTRY ELEMENTS (KOHA)
Suppress in OPAC 0
Holdings
Withdrawn status Lost status Source of classification or shelving scheme Damaged status Not for loan Home library Current library Shelving location Date acquired Total Checkouts Full call number Barcode Date last seen Copy number Price effective from Koha item type
    Dewey Decimal Classification     London London Journal article 24/05/2004   ABS67852 126263-1001 06/08/2019 1 06/08/2019 Journal article